History Quiz

Random History or Biography Quiz

Biography: F Quiz Stats

Quiz Updated Jun 24, 2015

Also try: Biography: E
Challenge
Share
Tweet
Embed
Score 0/20 Timer 06:00
3 Plays Today
Biography Channel Profile 'F' Person % Correct
She was a Jewish girl who had to go into hiding during WW II. She is best known for the diary that she kept, which continues to touch people today.Anne Frank
98.7%
He was an American industrialist who revolutionized factory production with his assembly-line methods and built the Model T automobile.Henry Ford
97.8%
He was the first Swiss man to win a Grand Slam title. In fact, he's won just about every tennis honor there is.Roger Federer
83.4%
She is an American comedian and TV producer famous for her 'Saturday Night Live' satirical portrayal of vice presidential candidate Sarah Palin.Tina Fey
83.1%
She is the lead singer of The Black Eyed Peas. Her solo album 'The Dutchess' was also a hit. Her eclectic work ranges from ballads to dance tracks.Fergie
82.2%
He was an Austrian neuropsychologist who is considered the founder of psychoanalysis. He was a major intellectual figure of the 20th century. Sigmund Freud
80.4%
He was the British author who created the famous spy character James Bond. His books have sold over 100 million copies. Ian Fleming
77.1%
She was an American actress and multiple Golden Globe and Emmy Award nominee. She rose to fame when she appeared in the first season of the TV series 'Charlie's Angels.'Farrah Fawcett
73.5%
Known as the 'First Lady of Song,' she was one of the most notable singers of the 20th century, and a significant artist in the emergence of jazz.Ella Fitzgerald
64.6%
She is an American actress who starred in 'Rosemary's Baby.' She dated Woody Allen for more than a decade before the relationship ended in scandal.Mia Farrow
62.9%
Biography Channel Profile 'F' Person % Correct
An American actor, he is best known for his role as the television detective Lieutenant Columbo in the television series 'Columbo.'Peter Falk
60%
He was the world heavyweight boxing champion from February 1970 until January 1973 and fought in the famous 'Thrilla in Manila' in 1975.Joe Frazier
53.5%
He was a Nobel Prize-winning novelist of the American South who wrote challenging prose and created the fictional Yoknapatawpha County.William Faulkner
39.6%
She was one of the foremost primate researchers in the world who for 18 years studied of a group of gorillas in Rwanda.Dian Fossey
36.4%
He was the leader of the Nation of Islam, an African-American movement that combined elements of Islam with black nationalism, from 1978-2007.Louis Farrakhan
34.6%
He was a Christian evangelical fundamentalist Southern Baptist pastor, televangelist, and conservative commentator from Lynchburg, Virginia, U.S.Jerry Falwell
34.3%
A French novelist born in 1821, he is best known for his masterpiece 'Madame Bovary' and is renowned as a classic French realist writer.Gustave Flaubert
34%
She was a feminist writer and rights activist who is best known for writing 'The Feminine Mystique' in 1963.Betty Friedan
26.1%
She starred in films in the late ‘30s and early ‘40s, but was best known for her rebellious reputation and the time she spent in a mental institution.Frances Farmer
12.1%
He was the first engineer to successfully transmit an image electronically, a discovery crucial to the development of the television.Philo T. Farnsworth
7.7%

You're not logged in!

Compare scores with friends on all Sporcle quizzes.
Join for Free
OR
Log In

You Might Also Like...

Show Comments

Extras

Top Quizzes Today


Score Distribution

Your Account Isn't Verified!

In order to create a playlist on Sporcle, you need to verify the email address you used during registration. Go to your Sporcle Settings to finish the process.

Report this User

Report this user for behavior that violates our Community Guidelines.

Details: